Automatická organizácia osobných kolekcií dokumentov

Na minha lista:
Detalhes bibliográficos
Autor principal: Paľove, Stanislav (Author)
Outros Autores: Móro, Róbert (Thesis advisor)
Formato: Manuscrito Livro
Idioma:eslovaco
Publicado em: 2016
Assuntos:
Acesso em linha:http://is.stuba.sk/zp/portal_zp.pl?podrobnosti=119297
Tags: Adicionar Tag
Sem tags, seja o primeiro a adicionar uma tag!

MARC

LEADER 00000ntm a22000003a 4500
001 stuzp59012
003 SK-STU
005 20160719155733.1
007 ta
008 150427s2015----xo-----f-mn---000-0-slo-d
040 |a STU  |b slo 
041 0 |a slo 
100 1 |a Paľove, Stanislav  |u 070200  |k Z4  |4 aut  |U FIIT Fakulta informatiky a informačných technológií  |T FIIT Ústav informatiky, informačných systémov a softvérového inžinierstva  |X 8446  |U I200  |Y 179  |7 A000008446 
242 0 1 |a Automatic organization of collections of personal documents  |y eng 
245 1 0 |a Automatická organizácia osobných kolekcií dokumentov 
260 |c 2016 
650 4 |a klasifikácia  |2 slo 
650 4 |a správa osobných informácí  |2 slo 
650 4 |a automatická  |2 slo 
650 4 |a kolekcie  |2 slo 
650 4 |a používateľ  |2 slo 
650 4 |a classification  |2 eng 
650 4 |a collections  |2 eng 
650 4 |a user  |2 eng 
650 4 |a automatic  |2 eng 
650 4 |a personal information managment  |2 eng 
700 1 |a Móro, Róbert  |u 070200  |k Z3  |4 ths  |U FIIT Fakulta informatiky a informačných technológií  |T FIIT Ústav informatiky, informačných systémov a softvérového inžinierstva  |X 47879  |U I200  |Y 179  |7 47879 
856 4 |u http://is.stuba.sk/zp/portal_zp.pl?podrobnosti=119297 
996 |b 8183  |c I* DIP 7/2016  |l II680  |s P  |a 0  |w stuzp59012_0001 
SQL |a stuzp59012  |b DDP  |c SLO  |d Automatická organizácia osobných kolekcií dokumentov  |e 8446  |f Paľove, Stanislav  |g 070200  |h 47879  |i Móro, Róbert  |j 20160614  |k 205  |l 07  |m http://is.stuba.sk/zp/portal_zp.pl?podrobnosti=119297  |n I-IS2  |o 9.2.6. informačné systémy